000 00580nam a2200217Ia 4500
003 OSt
005 20220925220819.0
006 a|||||r|||| 00| 0
007 ta
008 220923b |||||||| |||| 00| 0 eng d
037 _cGeneral Book
040 _aRTL
_cRTL
_beng
041 _2eng
_aeng
082 _aXv1:N0, F1
100 _aBoucke O Fred
_9122001
245 0 _aDevelopment of economics, 1750-1900
260 _aLondon
_bMacmillan Co.
_c1921
300 _a348p
_ccm.
942 _hXv1:N0, F1
_cGB
_2CC
999 _c572558
_d572558